LEADER 01882nam 2200505Ia 450 001 996385073603316 005 20200824132543.0 035 $a(CKB)4940000000075297 035 $a(EEBO)2264201477 035 $a(OCoLC)ocm12150282e 035 $a(OCoLC)12150282 035 $a(EXLCZ)994940000000075297 100 $a19850612d1693 uy | 101 0 $aeng 135 $aurbn||||a|bb| 200 12$aA confutation of atheism from the origin and frame of the world$hThe third and last part$b[electronic resource] $ea sermon preached at St Mary-le-Bow, December the 5th, 1692 : being the eighth of the lecture founded by the Honourable Robert Boyle ... /$fby Richard Bentley .. 210 $aLondon $cPrinted for H. Mortlock ...$d1693 215 $a42 p 300 $aReproduction of originals in the British Library and the Huntington Library. 300 $aAppears on reel 13:3 as the eighth title in the author's The folly and unreasonableness of atheism, 1693. 330 $aeebo-0216 606 $aReligion and science$vEarly works to 1800 606 $aNature$xReligious aspects$vEarly works to 1800 606 $aChristianity and atheism$vEarly works to 1800 606 $aAtheism$vControversial literature 606 $aAtheism$vSermons 606 $aAtheism$vEarly works to 1800 606 $aSermons, English$y17th century 615 0$aReligion and science 615 0$aNature$xReligious aspects 615 0$aChristianity and atheism 615 0$aAtheism 615 0$aAtheism 615 0$aAtheism 615 0$aSermons, English 700 $aBentley$b Richard$f1662-1742.$0191206 801 0$bEAA 801 1$bEAA 801 2$bm/c 801 2$bUMI 801 2$bWaOLN 906 $aBOOK 912 $a996385073603316 996 $aA confutation of atheism from the origin and frame of the world$92394823 997 $aUNISA LEADER 04266 am 2200757 n 450 001 9910495793303321 005 20200723 010 $a2-271-12787-4 024 7 $a10.4000/books.editionscnrs.32478 035 $a(CKB)4100000011508919 035 $a(FrMaCLE)OB-editionscnrs-32478 035 $a(oapen)https://directory.doabooks.org/handle/20.500.12854/84841 035 $a(PPN)267944047 035 $a(EXLCZ)994100000011508919 100 $a20201016j|||||||| ||| 0 101 0 $afre 135 $auu||||||m|||| 181 $ctxt$2rdacontent 182 $cc$2rdamedia 183 $acr$2rdacarrier 200 12$aL?encyclopédie ou la création des disciplines /$fMartine Groult 210 $aParis $cCNRS Éditions$d2020 215 $a1 online resource (356 p.) 225 1 $aHors collection 311 $a2-271-06171-7 330 $aEn 1751, le Système figuré des Connaissances humaines, publié dans le premier volume de l?Encyclopédie de Diderot et d?Alembert, présente une nouvelle organisation du savoir. Dans un siècle où les découvertes scientifiques gouvernent la connaissance, l?entendement humain a pris la première place, et dorénavant les philosophes, qui ont organisé les idées, sont associés aux savants qui les ont assemblées. Le présent ouvrage interroge ce rassemblement de la science et de la philosophie. Celui-ci est à l?origine d?une systématique qui montre les dépendances mutuelles des sciences, pratiquées par le seul savant, « génie inventeur ». La saisie de la métaphysique par l?entendement humain constitue moins une opposition radicale à la métaphysique traditionnelle que la mise en place d?un art du raisonnement méthodique (métaphysique des corps). En tenant compte de cette organisation spéculative de départ, trop souvent sous-estimée, les auteurs, spécialistes de l?Encyclopédie, jettent un regard nouveau sur les conséquences de l?arbitraire qui résulte de ce véritable bouleversement philosophique, à la source de nos disciplines. Une première partie pose l?origine et la postérité de cette présentation du savoir en tableau.de Bacon et Chambers à l?Atlasliterarius. Deux autres parties cernent les sciences des arts et de la nature, l?émergence de nouvelles disciplines telles l?esthétique, la chimie, la biologie, l?histoire puis, à leur croisée, les sciences de la langue, de la grammaire et de la politique. En mettant en évidence la logique qui permet à la liaison des sciences entre elles de conduire à la création de nouvelles disciplines, cet ouvrage apporte une réflexion pluridisciplinaire novatrice sur l?organisation des sciences dans le savoir à l?époque des Lumières. 606 $aHistory 606 $ascience 606 $aphilosophe 606 $asavoir 606 $asiècle des Lumières 606 $adiscipline 606 $aépistémologie 610 $aEncyclopaedia - Philosophy and science - 18th century - Criticism. 615 4$aHistory 615 4$ascience 615 4$aphilosophe 615 4$asavoir 615 4$asiècle des Lumières 615 4$adiscipline 615 4$aépistémologie 700 $aAuroux$b Sylvain$0143106 701 $aBeaune$b Jean-Claude$0280375 701 $aBléchet$b Françoise$01279096 701 $aDiop$b David$01295964 701 $aDurel$b Henri$01287459 701 $aGroult$b Martine$0158135 701 $aLeca-Tsiomis$b Marie$0440663 701 $aLéoni$b Sylviane$01295965 701 $aLouison-Lassablière$b Marie-Joëlle$01295966 701 $aMalherbe$b Michel$0289946 701 $aMartin-Haag$b Éliane$01295967 701 $aMedina Arjona$b Encarnación$01295968 701 $aPinault Sørensen$b Madeleine$01295969 701 $aProust$b Jacques$0153141 701 $aQuintili$b Paolo$053838 701 $aRuth Moerman$b Ellen$01295970 701 $aSpallanzani$b Mariafranca$0251892 701 $aTeysseire$b Daniel$0445671 701 $aVeysman$b Nicolas$0689787 701 $aGroult$b Martine$0158135 801 0$bFR-FrMaCLE 906 $aBOOK 912 $a9910495793303321 996 $aL?encyclopédie ou la création des disciplines$93023747 997 $aUNINA LEADER 02271aam 2200397 n 450 001 9910985846403321 005 20250618102223 010 $a83-8142-509-3 035 $a(CKB)4100000009266008 035 $a(ceeol)ceeol847063 035 $a(CEEOL)847063 035 $a(EXLCZ)994100000009266008 100 $a20252218d2019 ||l | 101 0 $apol 200 1 $aArytmetyka codzienno?ci. Antropologiczna analiza rachunków domowych$fKatarzyna Orszulak-Dudkowska 210 $a?ód? [Poland] $cWydawnictwo Uniwersytetu ?ódzkiego$d2019 215 $a1 online resource (1 p. 230) 225 $aUniwersytet ?ódzki 311 08$a83-8142-508-5 330 $aThe book analyzes economic and everyday anthropology. On the basis of unpublished source materials ? private copybooks with household bills kept for many years by three women of different professional and family background and under somewhat different cultural conditions ? the author has conducted an interesting anthropological analysis of Polish housewives in the post?World War II and post-1989 periods.The monograph presents everyday activities related to housekeeping, discusses the kinds of products and services most often bought, eating and consumption habits, residence patterns, rules of body care and hygiene, forms of spending free time, as well as worldview, attitude towards religion and to the Polish cultural tradition.The target audience of the publication are social life researchers: anthropologists, sociologists, economists and experts in cultural studies. Other readers who look for an unconventional and meticulous reflection on Polish everyday life of the last sixty years can also find the book interesting. 606 $aAnthropology 606 $aSocial sciences 606 $aEconomy 606 $aSocio-Economic Research 615 0$aAnthropology 615 0$aSocial sciences. 615 0$aEconomy 615 0$aSocio-Economic Research 700 $aOrszulak-Dudkowska$b Katarzyna$01826651 712 02$aCentral and Eastern European Online Library 801 0$bceeol 801 1$bceeol 906 $aBOOK 912 $a9910985846403321 996 $aArytmetyka codzienno?ci. Antropologiczna analiza rachunków domowych$94394668 997 $aUNINA